<?xml version="1.0" encoding="UTF-8"?><?xml-stylesheet type="text/xsl" href="static/style.xsl"?><OAI-PMH xmlns="http://www.openarchives.org/OAI/2.0/" xmlns:xsi="http://www.w3.org/2001/XMLSchema-instance" xsi:schemaLocation="http://www.openarchives.org/OAI/2.0/ http://www.openarchives.org/OAI/2.0/OAI-PMH.xsd"><responseDate>2026-06-01T02:17:27Z</responseDate><request verb="GetRecord" identifier="oai:riuma.uma.es:10630/21293" metadataPrefix="marc">https://riuma.uma.es/rest/oai/request</request><GetRecord><record><header><identifier>oai:riuma.uma.es:10630/21293</identifier><datestamp>2026-02-03T12:25:59Z</datestamp><setSpec>com_10630_2254</setSpec><setSpec>col_10630_37959</setSpec></header><metadata><record xmlns="http://www.loc.gov/MARC21/slim" xmlns:dcterms="http://purl.org/dc/terms/" xmlns:doc="http://www.lyncode.com/xoai" xmlns:xsi="http://www.w3.org/2001/XMLSchema-instance" xsi:schemaLocation="http://www.loc.gov/MARC21/slim http://www.loc.gov/standards/marcxml/schema/MARC21slim.xsd">
   <leader>00925njm 22002777a 4500</leader>
   <datafield ind2=" " ind1=" " tag="042">
      <subfield code="a">dc</subfield>
   </datafield>
   <datafield ind2=" " ind1=" " tag="720">
      <subfield code="a">Monedero-Morales, Carmen del Rocío</subfield>
      <subfield code="e">author</subfield>
   </datafield>
   <datafield ind2=" " ind1=" " tag="720">
      <subfield code="a">Impelluso Cortés, Pablo</subfield>
      <subfield code="e">author</subfield>
   </datafield>
   <datafield ind2=" " ind1=" " tag="260">
      <subfield code="c">2021</subfield>
   </datafield>
   <datafield ind2=" " ind1=" " tag="520">
      <subfield code="a">En los últimos años asistimos al auge de dos fenómenos independientes en el consumo cultural del público joven: el aumento del visionado de series de ficción y el éxito mundial de la música urbana en español, especialmente la producida en Latinoamérica. En este trabajo pretendemos estudiar ambas manifestaciones en su conjunto, desde una perspectiva de género necesaria para reivindicar el papel protagonístico de la mujer dentro de un estilo musical tachado de misógino y sexista. Las series de ficción, como el resto de productos culturales, son vehículos de proyección social en los que se produce la transmisión, entre otros aspectos, de roles de género. Por tanto, el objetivo de esta investigación es analizar, de forma exploratoria, la representación de los personajes femeninos en las dos únicas series latinoamericanas sobre música urbana protagonizadas por mujeres, Bravas y La Reina del Flow. Para este cometido se ha optado por métodos cualitativos y cuantitativos consistentes en el análisis de contenido atendiendo a la representación estética, psicológica y social de sus personajes femeninos. Los resultados revelan la proyección de tópicos y estereotipos a la vez que se realza el rol de mujeres independientes y empoderadas dentro de un contexto geográfico tradicionalmente machista.</subfield>
   </datafield>
   <datafield ind1="8" ind2=" " tag="024">
      <subfield code="a">Monedero, C.R. y Impelluso, M. (2021). Empoderamiento femenino y cultura urbana en las series La Reina del Flow y  Bravas. Comunicación presentada en el Congreso Internacional Hermes. Lanzarote.</subfield>
   </datafield>
   <datafield ind1="8" ind2=" " tag="024">
      <subfield code="a">https://hdl.handle.net/10630/21293</subfield>
   </datafield>
   <datafield tag="653" ind2=" " ind1=" ">
      <subfield code="a">Estereotipo (Psicología)</subfield>
   </datafield>
   <datafield tag="653" ind2=" " ind1=" ">
      <subfield code="a">Mujeres</subfield>
   </datafield>
   <datafield tag="653" ind2=" " ind1=" ">
      <subfield code="a">Música urbana</subfield>
   </datafield>
   <datafield tag="653" ind2=" " ind1=" ">
      <subfield code="a">Televisión</subfield>
   </datafield>
   <datafield ind2="0" ind1="0" tag="245">
      <subfield code="a">Empoderamiento femenino y cultura urbana en las series La Reina del Flow y  Bravas</subfield>
   </datafield>
</record>
</metadata></record></GetRecord></OAI-PMH>